| 000 | 00588nam a22002052 4500 | ||
|---|---|---|---|
| 001 | 0000004420 | ||
| 005 | 20151217145808.0 | ||
| 008 | 070523s xx 000 0 eng d | ||
| 020 |
_a8120301765 : _cKES 2,550 |
||
| 040 |
_aKABU _cKABU |
||
| 050 | 0 |
_aQA76.9 _b.D3M37 |
|
| 100 | 1 |
_aMartin, James. _@0000154970 |
|
| 245 | 1 | 0 | _aPrinciples of data base management. |
| 260 |
_aNew Delhi : _bPrentice-Hall of India, _c1976. |
||
| 300 | _axvi, 352 p. | ||
| 650 | 0 |
_aDatabase management. _@0000148184 |
|
| 908 | _a070523 | ||
| 950 | _@1 | ||
| 999 |
_c2671 _d2671 |
||